|
|
|
|
| LEADER |
00000naa2a2200000 4500 |
| 001 |
628640 |
| 005 |
20250430130501.0 |
| 035 |
|
|
|a (RuTPU)RU\TPU\conf\28904
|
| 035 |
|
|
|a RU\TPU\conf\28903
|
| 090 |
|
|
|a 628640
|
| 100 |
|
|
|a 20181204d2018 k y0rusy50 ca
|
| 101 |
0 |
|
|a rus
|
| 102 |
|
|
|a RU
|
| 105 |
|
|
|a y z 101zy
|
| 135 |
|
|
|a drgn ---uucaa
|
| 181 |
|
0 |
|a i
|
| 182 |
|
0 |
|a b
|
| 200 |
1 |
|
|a Основные подходы к разработке гибридной модели поддержки принятия решений стратегического управления пассажирским автотранспортным предприятием
|f О. А. Колегова, А. А. Захарова
|
| 203 |
|
|
|a Текст
|c электронный
|
| 225 |
1 |
|
|a Математические модели и программное обеспечение поддержки принятия решений в экономике и управлении
|
| 300 |
|
|
|a Заглавие с титульного экрана
|
| 320 |
|
|
|a [Библиогр.: с. 163 (3 назв.)]
|
| 330 |
|
|
|a В статье предлагаются основные подходы к разработке гибридной модели поддержки принятия решений стратегического управления пассажирским автотранспортным предприятием, позволяющей обеспечивать реализацию трех базовых этапов стратегического управления одновременно: целеполагания, отбора проектов развития и контроля выполнения стратегии. Данная модель основана на интеграции метода стратегического управления ССП и метода экспертного многокритериального оценивания МАС и позволяет в отличие от существующих моделей учитывать необходимость комплексного рассмотрения процесса стратегического управления, обеспечивая как взаимосвязь базовых этапов стратегического управления, так и возможность обработки экспертных знаний на данных этапах.
|
| 463 |
|
1 |
|0 (RuTPU)RU\TPU\conf\28689
|t Современные технологии принятия решений в цифровой экономике
|o сборник трудов Всероссийской научно-практической конференции студентов, аспирантов и молодых ученых, 15-17 ноября 2018 г., г. Юрга
|f Национальный исследовательский Томский политехнический университет (ТПУ), Юргинский технологический институт (ЮТИ) ; под ред. А. А. Захаровой, Е. В. Телипенко, Е. В. Молниной
|v [С. 159-163]
|d 2018
|
| 610 |
1 |
|
|a труды учёных ТПУ
|
| 610 |
1 |
|
|a электронный ресурс
|
| 610 |
1 |
|
|a гибридные модели
|
| 610 |
1 |
|
|a поддержка решений
|
| 610 |
1 |
|
|a принятие решений
|
| 610 |
1 |
|
|a стратегическое управление
|
| 610 |
1 |
|
|a автотранспортные предприятия
|
| 610 |
1 |
|
|a стратегическое управление
|
| 610 |
1 |
|
|a стратегии
|
| 610 |
1 |
|
|a аналитические сети
|
| 700 |
|
1 |
|a Колегова
|b О. А.
|c специалист в области информатики и вычислительной техники
|c специалист по учебно-методической работе Томского политехнического университета
|f 1988-
|g Ольга Александровна
|3 (RuTPU)RU\TPU\pers\35775
|9 18932
|
| 701 |
|
1 |
|a Захарова
|b А. А.
|c специалист в области информатики и вычислительной техники
|c профессор Юргинского технологического института (филиала) Томского политехнического университета, доктор наук
|f 1976-
|g Александра Александровна
|3 (RuTPU)RU\TPU\pers\22758
|9 9789
|
| 712 |
0 |
2 |
|a Национальный исследовательский Томский политехнический университет (ТПУ)
|b Юргинский технологический институт (филиал) (ЮТИ)
|b Отделение цифровых технологий (ОЦТ)
|3 (RuTPU)RU\TPU\col\24718
|
| 801 |
|
2 |
|a RU
|b 63413507
|c 20181206
|g RCR
|
| 850 |
|
|
|a 63413507
|
| 856 |
4 |
|
|u http://earchive.tpu.ru/handle/11683/51991
|
| 942 |
|
|
|c BK
|